Roland-Garros 2025 - Têtes de série - Statistiques

Statistiques générales
  • Ce quiz a été pris 147 fois
  • Le résultat moyen est 22 sur 32
Statistiques - réponses
Têtes de série Nationalité Joueur % Correct
3 Allemande Alexander Zverev
100%
2 Espagnole Carlos Alcaraz
100%
1 Italienne Jannik Sinner
99%
6 Serbe Novak Djokovic
98%
14 Française Arthur Fils
93%
7 Norvégienne Casper Ruud
93%
4 Américaine Taylor Fritz
92%
11 Russe Daniil Medvedev
89%
10 Danoise Holger Rune
89%
20 Grec Stéfanos Tsitsipás
88%
8 Italienne Lorenzo Musetti
87%
9 Australienne Alex de Minaur
86%
5 Britannique Jack Draper
84%
16 Bulgare Grigor Dimitrov
83%
17 Russe Andrey Rublev
80%
22 Française Ugo Humbert
80%
13 Américaine Ben Shelton
77%
12 Américaine Tommy Paul
75%
15 Américaine Frances Tiafoe
74%
18 Argentine Francisco Cerúndolo
67%
19 Tchèque Jakub Menśík
62%
24 Russe Karen Khachanov
59%
21 Tchèque Tomáš Macháč
57%
27 Canadienne Denis Shapovalov
55%
30 Polonaise Hubert Hurkacz
47%
25 Australienne Alexei Popyrin
46%
26 Espagnole Alejandro Davidovich Fokina
44%
23 Américaine Sebastian Korda
33%
31 Française Giovanni Mpetshi Perricard
28%
28 Américaine Brandon Nakashima
21%
32 Américaine Alex Michelsen
18%
29 Canadienne Félix Auger-Aliasime
18%
Aucun quiz correspondant
Distribution des résultats
% des personnes avec chaque résultat
Percentile par nombre de réponses
Votre historique - résultats
Vous n’avez pas pris ce quiz